La Peinture haitienne / (Record no. 12357)

MARC details
000 -LEADER
campo de control de longitud fija 01168cam a2200349Ia 4500
001 - NÚMERO DE CONTROL
campo de control 45094
005 - FECHA Y HORA DE LA ÚLTIMA TRANSACCIÓN
campo de control 20230410101712.0
008 - DATOS DE LONGITUD FIJA--INFORMACIÓN GENERAL
campo de control de longitud fija 900112s1989 fr ac 000 0cfre d
035 ## - NÚMERO DE CONTROL DEL SISTEMA
Número de control de sistema (OCoLC)ocm20880966
040 ## - FUENTE DE CATALOGACIÓN
Centro catalogador/agencia de origen PBR
Centro/agencia transcriptor PBR
Centro/agencia modificador CLU
-- OCL
020 ## - NÚMERO INTERNACIONAL ESTÁNDAR DEL LIBRO
Número Internacional Estándar del Libro 2091615013
020 ## - NÚMERO INTERNACIONAL ESTÁNDAR DEL LIBRO
Número Internacional Estándar del Libro 9782091615011
035 ## - NÚMERO DE CONTROL DEL SISTEMA
Número de control de sistema (OCoLC)20880966
041 0# - CÓDIGO DE IDIOMA
Código de lengua del texto/banda sonora o título independiente engfre
043 ## - CÓDIGO DE ÁREA GEOGRÁFICA
Código de área geográfica nwht---
050 14 - SIGNATURA TOPOGRÁFICA DE LA BIBLIOTECA DEL CONGRESO
Número de clasificación 110 ND 306
Número de ítem P377 1986
245 03 - MENCIÓN DEL TÍTULO
Título La Peinture haitienne /
Mención de responsabilidad, etc. documentation, Marie-José Nadal-Gardére ; textes, Gerard Bloncourt ; traduction, Elizabeth Bell = Haitian arts / research, Marie-José Nadal-Gardére ; texts, Gerard Bloncourt ; translation, Elizabeth Bell.
250 ## - MENCION DE EDICION
Mención de edición 2. ed.
260 ## - PUBLICACIÓN, DISTRIBUCIÓN, ETC.
Lugar de publicación, distribución, etc. Paris :
Nombre del editor, distribuidor, etc. Nathan,
Fecha de publicación, distribución, etc. c1986
300 ## - DESCRIPCIÓN FÍSICA
Extensión 207 p. :
Otras características físicas ill. (some col.), ports. ;
Dimensiones 31 cm.
500 ## - NOTA GENERAL
Nota general English and French.
650 #0 - PUNTO DE ACCESO ADICIONAL DE MATERIA--TÉRMINO DE MATERIA
Término de materia o nombre geográfico como elemento de entrada Painting, Haitian.
650 #0 - PUNTO DE ACCESO ADICIONAL DE MATERIA--TÉRMINO DE MATERIA
Término de materia o nombre geográfico como elemento de entrada Primitivism in art
Subdivisión geográfica Haiti.
650 #0 - PUNTO DE ACCESO ADICIONAL DE MATERIA--TÉRMINO DE MATERIA
Término de materia o nombre geográfico como elemento de entrada Painting, Modern
Subdivisión cronológica 20th century
Subdivisión geográfica Haiti.
650 #0 - PUNTO DE ACCESO ADICIONAL DE MATERIA--TÉRMINO DE MATERIA
Término de materia o nombre geográfico como elemento de entrada Painters
Subdivisión geográfica Haiti
Subdivisión de forma Biography.
650 #4 - PUNTO DE ACCESO ADICIONAL DE MATERIA--TÉRMINO DE MATERIA
Término de materia o nombre geográfico como elemento de entrada CEH
650 #4 - PUNTO DE ACCESO ADICIONAL DE MATERIA--TÉRMINO DE MATERIA
Término de materia o nombre geográfico como elemento de entrada Colección Estudios Haitianos
700 1# - ENTRADA AGREGADA--NOMBRE PERSONAL
Nombre de persona Bloncourt, Gérald.
740 01 - ENTRADA AGREGADA--TÍTULO RELACIONADO/ANALÍTICO NO CONTROLADO
Título relacionado o analítico no controlado Haitian arts.
942 ## - ELEMENTOS DE ENTRADA SECUNDARIOS (KOHA)
Fuente del sistema de clasificación o colocación Clasificación de Library of Congress
Tipo de ítem Koha
994 ## -
-- C0
-- DRFGD
Holdings
Estatus retirado Estado de pérdida Fuente del sistema de clasificación o colocación Estado de daño No para préstamo Colección Biblioteca de origen Biblioteca actual Ubicación en estantería Fecha de adquisición Serial enumeration / chronology Signatura topográfica completa Código de barras Visto por última vez Copia número Tipo de ítem Koha
    Clasificación de Library of Congress     Recursos Regionales Biblioteca Juan Bosch Biblioteca Juan Bosch Recursos Regionales (2do. Piso) 10/04/2023 1 110 ND 306 P377 1986 00000046189 23/10/2018 1